000 01469cam a2200433 a 4500
001 7915790
003 OSt
005 20150408114045.0
006 m d
007 cr n
008 120623s2010 ne a |sb 001 0 eng d
015 _aGBA982294
_2bnb
016 7 _a015352504
_2Uk
020 _a9781848827677
020 _a
020 _a
020 _a
035 _a(WaSeSS)ssj0000372705
040 _aUKM
_cMU
_dYDXCP
_dWaSeSS
042 _aukblcatcopy
_anlmcopyc
050 4 _a
060 0 0 _a
060 1 0 _a
082 0 4 _a616.994320597
_222
_bP S A
100 1 _aPuntambekar, Shailesh.
_915879
210 1 0 _aAtlas of minimally invasive surgery in esophageal carcinoma
245 0 0 _aAtlas of minimally invasive surgery in esophageal carcinoma
_h[electronic resource] /
_c.Shailesh Puntambekar, Miguel A. Cuesta.
260 _aDordrecht :
_bSpringer,
_c2010.
300 _a200 p. :
_bill. ;
_c28 cm.
504 _aIncludes bibliographical references and index.
506 _aLicense restrictions may limit access.
650 4 _aEsophageal Neoplasms
_xsurgery
_915880
650 4 _aSurgical Procedures, Minimally Invasive
_xmethods
_913572
655 _aAtlases
_913924
700 1 _aCuesta, Miguel A.
_915881
773 0 _tSpringerLink ebooks - Medicine (2010)
856 4 0 _uhttp://www.columbia.edu/cgi-bin/cul/resolve?clio7915790
_zFull text available from SpringerLink ebooks - Medicine (2010)
942 _2ddc
_cDVD
999 _c24161
_d258661